[Event "African Championship 2013 Open"]
[Site "Hotel Sol Phebus - Tunis"]
[Date "2013.05.26"]
[Round "8.14"]
[White "Miguel, Sergio"]
[Black "Taeib, Sahbi"]
[Result "0-1"]
[WhiteElo "2218"]
[BlackElo "2134"]
[PlyCount "81"]
[EventDate "2013.05.18"]
[EventRounds "9"]
[EventCountry "TUN"]

1. Nf3 Nf6 2. c4 c5 3. Nc3 Nc6 4. d4 cxd4 5. Nxd4 g6 6. g3 Bg7 7. Bg2 O-O 8.
O-O Qb6 9. Nb3 d6 10. Nd5 Nxd5 11. cxd5 Ne5 12. Be3 Qa6 13. Bd4 Bd7 14. Qd2
Rac8 15. Rfe1 Rc4 16. Bc3 Ra4 17. Nc1 Rc4 18. Nd3 Rfc8 19. Nxe5 Bxe5 20. Bxe5
dxe5 21. Qe3 f6 22. h4 Qd6 23. Rec1 Rxc1+ 24. Rxc1 Rxc1+ 25. Qxc1 f5 26. e4 Kg7
27. h5 b6 28. hxg6 hxg6 29. exf5 Bxf5 30. Qg5 Qf6 31. Qe3 Qd6 32. Qc3 Kf6 33.
Qc4 Qc5 34. Qxc5 bxc5 35. Kf1 Bb1 36. a3 e4 37. Bh3 Ke5 38. Be6 g5 39. Bf7 Kd6
40. Kg2 Ke5 41. Kh3 0-1

[Event "African Championship 2013 Open"]
[Site "Hotel Sol Phebus - Tunis"]
[Date "2013.05.27"]
[Round "9.1"]
[White "Nassr, Ali"]
[Black "Amin, Bassem"]
[Result "0-1"]
[WhiteElo "2070"]
[BlackElo "2635"]
[PlyCount "98"]
[EventDate "2013.05.18"]
[EventRounds "9"]
[EventCountry "TUN"]

1. e4 e5 2. Nf3 Nc6 3. Bb5 a6 4. Ba4 Nf6 5. O-O Be7 6. Re1 b5 7. Bb3 O-O 8. h3
d6 9. c3 Nb8 10. d4 Nbd7 11. Nbd2 Bb7 12. Bc2 Re8 13. Nf1 Bf8 14. Ng3 g6 15. a4
c5 16. d5 c4 17. Be3 Nc5 18. Ra3 Nfd7 19. Qd2 Nb6 20. axb5 axb5 21. Rea1 Rxa3
22. Rxa3 Nba4 23. Qc1 Bc8 24. Nd2 Bd7 25. Qa1 Qc7 26. b3 cxb3 27. Nxb3 Nb7 28.
Nd2 Na5 29. Ne2 Nc4 30. Nxc4 Qxc4 31. Nc1 f5 32. f3 fxe4 33. fxe4 Be7 34. Bd3
Qc8 35. Kh2 Rf8 36. Be2 Nc5 37. Qb1 Bh4 38. Qc2 Qd8 39. Nb3 Bg5 40. Nxc5 Bxe3
41. Nxd7 Qxd7 42. Bg4 Qe7 43. Qe2 Qg5 44. Ra1 h5 45. Bf3 Bf4+ 46. Kg1 Bd2 47.
Rf1 Rb8 48. Rb1 Bxc3 49. Rxb5 Bd4+ 0-1

[Event "African Championship 2013 Open"]
[Site "Hotel Sol Phebus - Tunis"]
[Date "2013.05.27"]
[Round "9.2"]
[White "Haddouche, Mohamed"]
[Black "Adly, Ahmed"]
[Result "1/2-1/2"]
[WhiteElo "2459"]
[BlackElo "2594"]
[PlyCount "78"]
[EventDate "2013.05.18"]
[EventRounds "9"]
[EventCountry "TUN"]

1. e4 c5 2. Nf3 d6 3. d4 cxd4 4. Nxd4 Nf6 5. Nc3 a6 6. Be2 e5 7. Nb3 Be7 8. O-O
O-O 9. Kh1 b5 10. a4 Bb7 11. Nd5 Nbd7 12. Nxe7+ Qxe7 13. f3 d5 14. exd5 Bxd5
15. axb5 axb5 16. Rxa8 Bxa8 17. Bxb5 e4 18. Nd4 exf3 19. Nxf3 Nc5 20. Qd4 Nce4
21. Bf4 Rd8 22. Qe5 Qa7 23. Qc7 Qxc7 24. Bxc7 Rc8 25. Bf4 Rxc2 26. Rc1 Rxc1+
27. Bxc1 Kf8 28. Kg1 Ke7 29. Kf1 Kd6 30. Ng5 Kc5 31. Bd3 Bd5 32. Bxe4 Nxe4 33.
Nxe4+ Bxe4 34. Kf2 Kc4 35. Bd2 h5 36. h4 Kb3 37. Bc3 g6 38. g3 Bf5 39. Ke3 Be6
1/2-1/2

[Event "African Championship 2013 Open"]
[Site "Hotel Sol Phebus - Tunis"]
[Date "2013.05.27"]
[Round "9.3"]
[White "Adnani, Moklis"]
[Black "Ezat, Mohamed"]
[Result "1/2-1/2"]
[WhiteElo "2365"]
[BlackElo "2454"]
[PlyCount "95"]
[EventDate "2013.05.18"]
[EventRounds "9"]
[EventCountry "TUN"]

1. e4 c6 2. d4 d5 3. exd5 cxd5 4. c4 Nf6 5. Nc3 Nc6 6. Bf4 e6 7. c5 Be7 8. Bb5
O-O 9. Nge2 Ne4 10. O-O Nxc3 11. Nxc3 Bf6 12. Bxc6 bxc6 13. b4 Ba6 14. Re1 Bc4
15. a4 a6 16. Qd2 h6 17. Rab1 Bg5 18. a5 Bxf4 19. Qxf4 Qg5 20. Qe3 Ra7 21. Na4
Re7 22. Nb6 Bb5 23. f4 Qf5 24. Rb2 f6 25. Rf2 Rfe8 26. Rf3 Qc2 27. Rf2 Qg6 28.
h3 Qd3 29. Rf3 Qxe3+ 30. Rfxe3 g5 31. g3 gxf4 32. gxf4 Kf7 33. Kf2 Kg6 34. f5+
Kxf5 35. Rg1 h5 36. Rf3+ Ke4 37. Re1+ Kxd4 38. Rfe3 Bd3 39. Rd1 Kc3 40. b5 axb5
41. Rexd3+ Kb4 42. Rc1 Kxa5 43. Rb1 b4 44. Rd4 Kb5 45. Na4 Kxa4 46. Rdxb4+ Ka3
47. R1b3+ Ka2 48. Rb2+ 1/2-1/2

[Event "African Championship 2013 Open"]
[Site "Hotel Sol Phebus - Tunis"]
[Date "2013.05.27"]
[Round "9.4"]
[White "El Gindy, Essam"]
[Black "Hifad, Rachid"]
[Result "1-0"]
[WhiteElo "2482"]
[BlackElo "2304"]
[PlyCount "95"]
[EventDate "2013.05.18"]
[EventRounds "9"]
[EventCountry "TUN"]

1. d4 d5 2. c4 c6 3. e3 Nf6 4. Nc3 a6 5. Nf3 Bg4 6. Be2 e6 7. O-O Nbd7 8. b3
Bd6 9. h3 Bh5 10. Bb2 O-O 11. Ne5 Bxe2 12. Nxe2 Qc7 13. Nxd7 Qxd7 14. Qc2 Bc7
15. f3 Qd6 16. e4 Qd8 17. e5 Nd7 18. cxd5 cxd5 19. Ba3 Re8 20. f4 Rc8 21. Qd3
Bb6 22. Rac1 Qh4 23. Kh2 Rxc1 24. Rxc1 Qf2 25. Kh1 f5 26. Bb4 Qh4 27. a4 Qd8
28. Qc3 Qa8 29. Bd6 a5 30. Ng1 Nb8 31. Nf3 Nc6 32. Bc5 Qa6 33. Kh2 Bd8 34. Qd2
Qa8 35. Qd3 Qc8 36. Qb5 h6 37. Bb6 Re7 38. Bxa5 g5 39. fxg5 hxg5 40. Nxg5 Bxa5
41. Qxa5 Qe8 42. Qd2 Rg7 43. h4 Qh5 44. Qf4 Qe2 45. b4 Rg6 46. b5 Nb4 47. Rc8+
Kg7 48. Qc1 1-0

[Event "African Championship 2013 Open"]
[Site "Hotel Sol Phebus - Tunis"]
[Date "2013.05.27"]
[Round "9.6"]
[White "Abdel Razik, Khaled"]
[Black "Van Den Heever, Donovan"]
[Result "1-0"]
[WhiteElo "2444"]
[BlackElo "2280"]
[PlyCount "67"]
[EventDate "2013.05.18"]
[EventRounds "9"]
[EventCountry "TUN"]

1. Nf3 c5 2. g3 d5 3. c4 d4 4. b4 cxb4 5. a3 b3 6. d3 e5 7. Nbd2 Nc6 8. Bg2 Bd6
9. O-O Nge7 10. Qxb3 O-O 11. a4 Na5 12. Qa2 Nec6 13. Ne4 Be7 14. Ba3 Bxa3 15.
Qxa3 Bg4 16. h3 Be6 17. Rfb1 f6 18. Nc5 Bc8 19. Nd2 Qe7 20. Ndb3 Nxb3 21. Rxb3
Re8 22. a5 a6 23. Rb6 Nd8 24. Ne4 Nf7 25. Nc5 Ra7 26. Kh2 f5 27. Bd5 Kh8 28.
Ne6 g6 29. Qb2 h5 30. Rg1 h4 31. g4 fxg4 32. hxg4 Kh7 33. f3 Qf6 34. Nf8+ 1-0

[Event "African Championship 2013 Open"]
[Site "Hotel Sol Phebus - Tunis"]
[Date "2013.05.27"]
[Round "9.7"]
[White "Arab, Adlane"]
[Black "Asabri, Hussien"]
[Result "1-0"]
[WhiteElo "2445"]
[BlackElo "2222"]
[PlyCount "85"]
[EventDate "2013.05.18"]
[EventRounds "9"]
[EventCountry "TUN"]

1. d4 Nf6 2. c4 c5 3. d5 b5 4. cxb5 a6 5. bxa6 Bxa6 6. Nc3 g6 7. g3 Bg7 8. Bg2
d6 9. Nf3 O-O 10. O-O Nfd7 11. Qc2 Nb6 12. Rd1 N8d7 13. h3 Nc4 14. Nd2 Qa5 15.
Nxc4 Bxc4 16. Bd2 Ba6 17. Rab1 Rfb8 18. b3 Qa3 19. Bc1 Qa5 20. Bb2 c4 21. Na4
Bxb2 22. Rxb2 cxb3 23. axb3 Bb5 24. Nc3 Rc8 25. Rc1 Qb4 26. Qe4 Qxe4 27. Bxe4
Ra3 28. Na2 Rxc1+ 29. Nxc1 Nf6 30. Bf3 Ra1 31. Rc2 Rb1 32. Kg2 Kg7 33. Kf1 Bd7
34. Kg2 Bf5 35. Rc4 Nd7 36. g4 Ne5 37. Rc7 Bd7 38. Be4 Ra1 39. f4 f5 40. gxf5
gxf5 41. fxe5 fxe4 42. Rxd7 Rxc1 43. exd6 1-0

[Event "African Championship 2013 Open"]
[Site "Hotel Sol Phebus - Tunis"]
[Date "2013.05.27"]
[Round "9.8"]
[White "Al-Zayat, Ahmed"]
[Black "Belkhodja, Slim"]
[Result "0-1"]
[WhiteElo "2070"]
[BlackElo "2444"]
[PlyCount "114"]
[EventDate "2013.05.18"]
[EventRounds "9"]
[EventCountry "TUN"]

1. c4 b6 2. Nc3 Bb7 3. Nf3 Nf6 4. g3 e6 5. Bg2 Bb4 6. O-O O-O 7. d3 d5 8. cxd5
exd5 9. Nh4 Nbd7 10. Nb5 a6 11. Nd4 Re8 12. Bf4 Bf8 13. Rc1 c5 14. Ndf5 Re6 15.
Rc2 Ra7 16. Bh3 d4 17. e4 dxe3 18. Nxe3 Re8 19. Nc4 Bd5 20. Nf5 Be6 21. Ncd6
Bxd6 22. Bxd6 Nf8 23. Bxf8 Kxf8 24. Qc1 Rd7 25. Qg5 Bxf5 26. Bxf5 Rd5 27. Rc4
Ree5 28. g4 Qd6 29. Qh4 h6 30. b4 Rd4 31. bxc5 bxc5 32. Rxd4 Qxd4 33. Qg3 g6
34. Bc8 h5 35. Bxa6 hxg4 36. Rb1 Nh5 37. Qh4 Kg7 38. Bc8 Qxd3 39. Rf1 Nf6 40.
Qg3 Qd4 41. a4 Re8 42. Qc7 Qxa4 43. Qxc5 Qf4 44. Ra1 Re2 45. Rd1 Qe4 46. Ba6
Rc2 47. Qd4 Rc1 48. Bf1 Rxd1 49. Qxd1 Nh5 50. Qd3 Qe5 51. Qd7 Nf6 52. Qb7 Ne4
53. Qd7 Qc5 54. Ba6 Qxf2+ 55. Kh1 g3 56. Qh3 Qa2 57. Qg2 Qxa6 0-1

[Event "African Championship 2013 Open"]
[Site "Hotel Sol Phebus - Tunis"]
[Date "2013.05.27"]
[Round "9.9"]
[White "Zaibi, Amir"]
[Black "Nafri, Khalil"]
[Result "1/2-1/2"]
[WhiteElo "2285"]
[BlackElo "2191"]
[PlyCount "21"]
[EventDate "2013.05.18"]
[EventRounds "9"]
[EventCountry "TUN"]

1. e4 c5 2. Nf3 g6 3. d4 cxd4 4. Qxd4 Nf6 5. e5 Nc6 6. Qa4 Nd5 7. Qe4 Ndb4 8.
Bb5 Qa5 9. Nc3 Bg7 10. O-O O-O 11. Bxc6 1/2-1/2

[Event "African Championship 2013 Open"]
[Site "Hotel Sol Phebus - Tunis"]
[Date "2013.05.27"]
[Round "9.10"]
[White "Amdouni, Zoubaier"]
[Black "Njobvu, Ignatius"]
[Result "1/2-1/2"]
[WhiteElo "2249"]
[BlackElo "2239"]
[PlyCount "96"]
[EventDate "2013.05.18"]
[EventRounds "9"]
[EventCountry "TUN"]

1. e4 e6 2. d3 d5 3. Nd2 Nf6 4. g3 b6 5. e5 Nfd7 6. f4 c5 7. Ngf3 Nc6 8. Bg2
Bb7 9. Nf1 h6 10. Ne3 Qc7 11. h4 O-O-O 12. Bd2 Kb8 13. Qe2 Nd4 14. Qf2 Ba6 15.
c4 dxc4 16. dxc4 Be7 17. Bc3 Nxf3+ 18. Qxf3 Bb7 19. Qxb7+ Qxb7 20. Bxb7 Kxb7
21. Ke2 Nb8 22. Rad1 Nc6 23. Nc2 Kc7 24. h5 Rhg8 25. g4 f6 26. exf6 Bxf6 27.
Rhg1 Rd6 28. Rxd6 Kxd6 29. Kf3 Ke7 30. Rd1 Rc8 31. Ke4 Nd8 32. Bxf6+ gxf6 33.
f5 Nf7 34. fxe6 Kxe6 35. Ne3 Nd6+ 36. Kf4 Rf8 37. Re1 Kf7 38. Rd1 Ke6 39. Re1
Kf7 40. Nd5 Re8 41. Rxe8 Nxe8 42. Ne3 Nd6 43. b3 Ke6 44. a4 Ke7 45. Nd5+ Ke6
46. Nc7+ Kd7 47. Nd5 Ke6 48. Ne3 Ke7 1/2-1/2

[Event "African Championship 2013 Open"]
[Site "Hotel Sol Phebus - Tunis"]
[Date "2013.05.27"]
[Round "9.11"]
[White "Boudriga, Med Ali"]
[Black "Solomons, Deon"]
[Result "1-0"]
[WhiteElo "2234"]
[BlackElo "2169"]
[PlyCount "101"]
[EventDate "2013.05.18"]
[EventRounds "9"]
[EventCountry "TUN"]

1. e4 d6 2. d4 Nf6 3. Nc3 g6 4. Be3 Bg7 5. Qd2 a6 6. Nf3 b5 7. Bd3 Bb7 8. a3
Nbd7 9. O-O-O O-O 10. Bh6 c5 11. Bxg7 Kxg7 12. e5 Ng8 13. Be4 Bxe4 14. Nxe4 c4
15. e6 Ndf6 16. Neg5 c3 17. Qxc3 Nd5 18. Qb3 Ngf6 19. exf7 Qd7 20. Rhe1 Qf5 21.
Ne6+ Kh8 22. Nxf8 Rxf8 23. Qd3 Rxf7 24. Qxf5 gxf5 25. g3 Ne4 26. Re2 Kg7 27.
Nd2 Nef6 28. f4 h6 29. Nf3 Ne4 30. Rd3 e6 31. Nd2 Ndf6 32. Rb3 Nxd2 33. Kxd2
Ne4+ 34. Kd3 d5 35. a4 Rb7 36. axb5 axb5 37. Re1 Rb6 38. Ra1 Kg6 39. Ra5 Nd6
40. Rba3 Nc4 41. Ra6 Rb8 42. Rxe6+ Kf7 43. Raa6 Nxb2+ 44. Ke2 Nc4 45. Rf6+ Kg7
46. Rg6+ Kf7 47. Raf6+ Ke7 48. Rxh6 b4 49. Ra6 Kf7 50. Rh7+ Kg8 51. Raa7 1-0

[Event "African Championship 2013 Open"]
[Site "Hotel Sol Phebus - Tunis"]
[Date "2013.05.27"]
[Round "9.13"]
[White "Oliveira, Luciano"]
[Black "Bouaziz, Mehdi"]
[Result "1/2-1/2"]
[WhiteElo "2189"]
[BlackElo "2228"]
[PlyCount "94"]
[EventDate "2013.05.18"]
[EventRounds "9"]
[EventCountry "TUN"]

1. d4 Nf6 2. c4 c5 3. d5 b5 4. cxb5 a6 5. bxa6 Bxa6 6. Nc3 d6 7. Nf3 g6 8. g3
Bg7 9. Bg2 Nbd7 10. O-O Nb6 11. Re1 O-O 12. Bf4 Nc4 13. b3 Nd7 14. Rc1 Qa5 15.
Qc2 Ncb6 16. e4 c4 17. e5 cxb3 18. axb3 Rfc8 19. Qd2 Bb7 20. Bg5 dxe5 21. Bxe7
Re8 22. b4 Qa6 23. Bc5 Red8 24. d6 Bc6 25. Qd1 Rab8 26. Rb1 Nxc5 27. bxc5 Nd7
28. Nd5 Rxb1 29. Ne7+ Kf8 30. Qxb1 Bxf3 31. Bxf3 Nxc5 32. Nc6 Re8 33. d7 Nxd7
34. Qb4+ Kg8 35. Qd6 Nb8 36. Rb1 Nxc6 37. Bxc6 Rf8 38. Rb7 e4 39. Qd5 e3 40.
fxe3 Qe2 41. Qf3 Qe1+ 42. Kg2 Qd2+ 43. Kh3 Qc3 44. Bd5 Bf6 45. Qe4 Qe5 46. Qxe5
Bxe5 47. Kg4 Kg7 1/2-1/2

[Event "African Championship 2013 Open"]
[Site "Hotel Sol Phebus - Tunis"]
[Date "2013.05.27"]
[Round "9.14"]
[White "Bouzidi, Ahmed"]
[Black "Miguel, Sergio"]
[Result "0-1"]
[WhiteElo "2161"]
[BlackElo "2218"]
[PlyCount "86"]
[EventDate "2013.05.18"]
[EventRounds "9"]
[EventCountry "TUN"]

1. e4 e5 2. Nf3 Nc6 3. Bb5 Nf6 4. O-O Nxe4 5. d4 Nd6 6. Bxc6 dxc6 7. dxe5 Nf5
8. Qxd8+ Kxd8 9. Nc3 h6 10. h3 Be6 11. b3 a5 12. a3 Kc8 13. Bb2 b6 14. g4 Ne7
15. Nd4 Bd7 16. a4 Ng6 17. Rae1 h5 18. f4 c5 19. Ndb5 hxg4 20. f5 Ne7 21. hxg4
Rh4 22. Re4 Bc6 23. Ref4 Rh1+ 24. Kf2 Rh2+ 25. Kg3 Rg2+ 26. Kh3 Rxc2 27. R1f2
Rxf2 28. Rxf2 Nd5 29. g5 Nb4 30. Kg3 Nd3 31. Re2 Kb7 32. Ba1 Nc1 33. Rb2 Re8
34. Rb1 Nd3 35. Na3 Rxe5 36. Rd1 Re3+ 37. Kh2 Bd6+ 38. Kg1 Rh3 39. Kf1 Ne5 40.
Nab5 Ng4 41. Ke1 Bf4 42. Nd5 Rh1+ 43. Ke2 Rxd1 0-1